[Event "ESP-chT 2nd Division 2019"]
[Site "Linares"]
[Date "2019.08.22"]
[Round "6.13"]
[White "Garriga Cazorla, Pere"]
[Black "Jimenez Martinez, Jose Vicente"]
[Result "1-0"]
[WhiteElo "2495"]
[BlackElo "2264"]
[Annotator "ChessBase"]
[PlyCount "91"]
[EventDate "2019.08.19"]
[EventType "team-tourn"]
[EventCountry "ESP"]
[SourceTitle "playchess.com"]
[Source "ChessBase"]
[SourceQuality "1"]
[TimeControl "5400+30"]

1. d4 {[%emt 0:00:00]} g6 {[%emt 0:00:00]} 2. c4 {[%emt 0:00:00]} Bg7 {[%emt 0:00:00]} 3. Nc3 {[%emt 0:00:00]} d6 {[%emt 0:00:14]} 4. e4 {[%emt 0:00:00]} Nf6 {[%emt 0:00:08]} 5. Nf3 {[%emt 0:00:00]} O-O {[%emt 0:00:07]} 6. h3 {[%emt 0:00:00]} e5 {[%emt 0:01:40]} 7. d5 {[%emt 0:00:00]} a5 {[%emt 0:00:13]} 8. g4 {[%emt 0:00:04]} Na6 {[%emt 0:00:13]} 9. Be3 {[%emt 0:00:05]} Nd7 {[%emt 0:01:41]} 10. a3 {[%emt 0:00:05]} Nac5 {[%emt 0:02:10]} 11. Nd2 {[%emt 0:01:06]} a4 {[%emt 0:00:31]} 12. h4 {[%emt 0:03:18]} c6 {[%emt 0:24:42]} 13. g5 {[%emt 0:13:54]} f5 {[%emt 0:03:15]} 14. Rg1 {[%emt 0:02:26]} f4 {[%emt 0:12:59]} 15. Bxc5 {[%emt 0:00:16]} Nxc5 {[%emt 0:00:02]} 16. Qf3 {[%emt 0:00:12]} cxd5 {[%emt 0:04:12]} 17. cxd5 {[%emt 0:02:01]} Bd7 {[%emt 0:01:17]} 18. O-O-O {[%emt 0:09:09]} Qa5 {[%emt 0:03:53]} 19. Kb1 {[%emt 0:03:42]} b5 {[%emt 0:00:27]} 20. Na2 {[%emt 0:00:03]} Rfc8 {[%emt 0:01:48]} 21. Bh3 {[%emt 0:01:21]} Qd8 {[%emt 0:04:58]} 22. Nb4 {[%emt 0:04:03]} Bxh3 {[%emt 0:10:05]} 23. Qxh3 {[%emt 0:00:11]} Qd7 {[%emt 0:00:39]} 24. Rh1 {[%emt 0:02:05]} Kf7 {[%emt 0:05:08]} 25. Rc1 {[%emt 0:01:20]} Qxh3 {[%emt 0:03:04]} 26. Rxh3 {[%emt 0:00:06]} h5 {[%emt 0:00:30]} 27. Rhc3 {[%emt 0:03:12]} Ke8 {[%emt 0:01:52]} 28. Nd3 {[%emt 0:03:35]} Bf8 {[%emt 0:05:39]} 29. Nf3 {[%emt 0:01:45]} Rcb8 {[%emt 0:00:51]} 30. Nxc5 {[%emt 0:01:48]} dxc5 {[%emt 0:00:01]} 31. Nxe5 {[%emt 0:00:02]} Bg7 {[%emt 0:00:21]} 32. Nc6 {[%emt 0:00:06]} Bxc3 {[%emt 0:00:22]} 33. Rxc3 {[%emt 0:00:36]} b4 {[%emt 0:01:41]} 34. axb4 {[%emt 0:01:12]} cxb4 {[%emt 0:00:07]} 35. Rc4 {[%emt 0:00:03]} Rb5 {[%emt 0:00:45]} 36. Ka2 {[%emt 0:01:25]} Rc8 {[%emt 0:01:33]} 37. Rd4 {[%emt 0:01:02]} Rc5 {[%emt 0:04:43]} 38. Rxb4 {[%emt 0:03:26]} Rc2 {[%emt 0:00:58]} 39. f3 {[%emt 0:00:03]} Ra8 {[%emt 0:01:48]} 40. Kb1 {[%emt 0:08:14]} Rf2 {[%emt 0:00:30]} 41. Ne5 {[%emt 0:00:36]} Ke7 {[%emt 0:03:30]} 42. Rb6 {[%emt 0:00:17]} a3 {[%emt 0:01:15]} 43. bxa3 {[%emt 0:00:21]} Rxa3 {[%emt 0:01:02]} 44. d6+ {[%emt 0:00:06]} Kf8 {[%emt 0:00:26]} 45. d7 {[%emt 0:00:20]} Ke7 {[%emt 0:00:22]} 46. Rb8 {[%emt 0:00:17]} 1-0

[Event "ESP-chT 2nd Division 2019"]
[Site "Linares"]
[Date "2019.08.22"]
[Round "6.14"]
[White "Alvarez Serrano, Carlos"]
[Black "Fernandez Diaz, Cristian"]
[Result "0-1"]
[WhiteElo "2244"]
[BlackElo "2303"]
[Annotator "NA"]
[PlyCount "87"]
[EventDate "2019.08.19"]
[EventType "team-tourn"]
[EventCountry "ESP"]
[SourceTitle "playchess.com"]
[Source "ChessBase"]
[SourceQuality "1"]
[TimeControl "5400+30"]

1. Nf3 {[%emt 0:00:05]} c5 {[%emt 0:00:00]} 2. c4 {[%emt 0:00:20]} Nc6 {[%emt 0:00:17]} 3. d4 {[%emt 0:00:40]} cxd4 {[%emt 0:00:21]} 4. Nxd4 {[%emt 0:00:12]} Nf6 {[%emt 0:00:14]} 5. Nc3 {[%emt 0:00:07]} g6 {[%emt 0:00:06]} 6. e4 {[%emt 0:01:01]} Bg7 {[%emt 0:00:32]} 7. Be3 {[%emt 0:00:07]} Ng4 {[%emt 0:00:51]} 8. Qxg4 {[%emt 0:00:15]} Nxd4 {[%emt 0:00:05]} 9. Qd1 {[%emt 0:00:08]} e5 {[%emt 0:00:05]} 10. Nb5 {[%emt 0:08:39]} d6 {[%emt 0:00:23]} 11. Qd2 {[%emt 0:05:17]} Nxb5 {[%emt 0:07:26]} 12. cxb5 {[%emt 0:00:03]} Be6 {[%emt 0:00:08]} 13. Rd1 {[%emt 0:13:52]} Bxa2 {[%emt 0:11:41]} 14. Qxd6 {[%emt 0:01:05]} Qxd6 {[%emt 0:02:49]} 15. Rxd6 {[%emt 0:00:02]} Bf8 {[%emt 0:00:37]} 16. Rd1 {[%emt 0:00:59]} Bb4+ {[%emt 0:07:07]} 17. Bd2 {[%emt 0:02:37]} Bxd2+ {[%emt 0:01:54]} 18. Kxd2 {[%emt 0:05:44]} O-O-O+ {[%emt 0:02:39]} 19. Bd3 {[%emt 0:01:36]} Rd4 {[%emt 0:03:50]} 20. Rc1+ {[%emt 0:06:40]} Kb8 {[%emt 0:01:11]} 21. Rc3 {[%emt 0:00:44]} Be6 {[%emt 0:03:37]} 22. Kc2 {[%emt 0:00:55]} Rhd8 {[%emt 0:02:58]} 23. Re1 {[%emt 0:02:34]} R8d6 {[%emt 0:03:50]} 24. Re3 {[%emt 0:01:17]} Rb6 {[%emt 0:09:12]} 25. Rc5 {[%emt 0:08:58]} f6 {[%emt 0:01:26]} 26. Be2 {[%emt 0:00:28]} a5 {[%emt 0:10:32]} 27. f3 {[%emt 0:05:28]} Rbd6 {[%emt 0:12:30]} 28. Rd3 {[%emt 0:01:21]} a4 {[%emt 0:02:51]} 29. Rxd4 {[%emt 0:00:42]} Rxd4 {[%emt 0:00:02]} 30. Kc3 {[%emt 0:13:04]} Ka7 {[%emt 0:00:44]} 31. Rc7 {[%emt 0:00:06]} Bd7 {[%emt 0:00:04]} 32. b4 {[%emt 0:02:54]} Kb6 {[%emt 0:00:56]} 33. Rc5 {[%emt 0:00:01]} a3 {[%emt 0:07:20]} 34. Bc4 {[%emt 0:01:48]} g5 {[%emt 0:02:23]} 35. h3 {[%emt 0:02:22]} h5 {[%emt 0:00:38]} 36. Kc2 {[%emt 0:00:10]} h4 {[%emt 0:01:04]} 37. Kc3 {[%emt 0:00:01]} Rd1 {[%emt 0:01:30]} 38. Rd5 {[%emt 0:00:34]} Rxd5 {[%emt 0:00:21]} 39. exd5 {[%emt 0:00:01]} Bxb5 {[%emt 0:00:31]} 40. Bxb5 {[%emt 0:00:13]} Kxb5 {[%emt 0:00:04]} 41. Kb3 {[%emt 0:00:08]} Kb6 {[%emt 0:00:10]} 42. Kxa3 {[%emt 0:00:23]} Kc7 {[%emt 0:00:14]} 43. Ka4 {[%emt 0:00:57]} Kd6 {[%emt 0:01:09]} 44. Kb5 {[%emt 0:00:06]} 0-1

[Event "ESP-chT 2nd Division 2019"]
[Site "Linares"]
[Date "2019.08.22"]
[Round "6.15"]
[White "Marti Puig, Patricia"]
[Black "Jimenez Fernandez, Rebeca"]
[Result "0-1"]
[WhiteElo "1683"]
[BlackElo "1928"]
[Annotator "NA"]
[PlyCount "80"]
[EventDate "2019.08.19"]
[EventType "team-tourn"]
[EventCountry "ESP"]
[SourceTitle "playchess.com"]
[Source "ChessBase"]
[SourceQuality "1"]
[TimeControl "5400+30"]

1. e4 {[%emt 0:00:00]} g6 {[%emt 0:00:00]} 2. d4 {[%emt 0:00:23]} Bg7 {[%emt 0:00:00]} 3. Nf3 {[%emt 0:01:12]} d6 {[%emt 0:00:00]} 4. Bc4 {[%emt 0:01:04]} a6 {[%emt 0:00:23]} 5. Ng5 {[%emt 0:04:31]} e6 {[%emt 0:02:47]} 6. f4 {[%emt 0:06:25]} b5 {[%emt 0:02:22]} 7. Be2 {[%emt 0:04:18]} Bb7 {[%emt 0:01:22]} 8. Qd3 {[%emt 0:09:53]} Nf6 {[%emt 0:01:20]} 9. e5 {[%emt 0:05:05]} Nd5 {[%emt 0:04:13]} 10. O-O {[%emt 0:02:19]} O-O {[%emt 0:01:13]} 11. c3 {[%emt 0:05:06]} c5 {[%emt 0:05:11]} 12. Nd2 {[%emt 0:07:06]} Nxf4 {[%emt 0:11:18]} 13. Rxf4 {[%emt 0:01:57]} Qxg5 {[%emt 0:00:25]} 14. Ne4 {[%emt 0:00:43]} Bxe4 {[%emt 0:00:37]} 15. Qxe4 {[%emt 0:00:54]} d5 {[%emt 0:00:23]} 16. Qf3 {[%emt 0:06:47]} Qe7 {[%emt 0:00:42]} 17. Qh3 {[%emt 0:04:44]} Nc6 {[%emt 0:02:05]} 18. Bd2 {[%emt 0:09:15]} cxd4 {[%emt 0:10:39]} 19. cxd4 {[%emt 0:00:41]} Rac8 {[%emt 0:01:51]} 20. a3 {[%emt 0:02:44]} Rc7 {[%emt 0:04:42]} 21. Raf1 {[%emt 0:02:25]} f6 {[%emt 0:18:25]} 22. Bg4 {[%emt 0:08:46]} f5 {[%emt 0:00:54]} 23. Bd1 {[%emt 0:04:04]} g5 {[%emt 0:01:00]} 24. R4f2 {[%emt 0:00:27]} Rfc8 {[%emt 0:12:26]} 25. Qd3 {[%emt 0:07:36]} a5 {[%emt 0:02:40]} 26. Qxb5 {[%emt 0:01:22]} Nxd4 {[%emt 0:00:34]} 27. Qxa5 {[%emt 0:00:18]} Bxe5 {[%emt 0:00:16]} 28. Bb4 {[%emt 0:00:24]} Qg7 {[%emt 0:00:46]} 29. Bc3 {[%emt 0:00:59]} g4 {[%emt 0:06:25]} 30. g3 {[%emt 0:00:28]} h5 {[%emt 0:01:25]} 31. Qa6 {[%emt 0:01:03]} Rc6 {[%emt 0:00:36]} 32. Qd3 {[%emt 0:00:05]} R6c7 {[%emt 0:03:06]} 33. Qa6 {[%emt 0:01:33]} Qf6 {[%emt 0:01:40]} 34. Re1 {[%emt 0:00:20]} Re8 {[%emt 0:00:45]} 35. Rd2 {[%emt 0:01:31]} Nf3+ {[%emt 0:01:36]} 36. Bxf3 {[%emt 0:00:02]} Bxc3 {[%emt 0:00:12]} 37. bxc3 {[%emt 0:00:15]} gxf3 {[%emt 0:00:16]} 38. Rxd5 {[%emt 0:01:32]} Qxc3 {[%emt 0:01:58]} 39. Rde5 {[%emt 0:00:34]} Qd4+ {[%emt 0:01:27]} 40. Kf1 {[%emt 0:00:38]} Qd2 0-1

[Event "ESP-chT 2nd Division 2019"]
[Site "Linares"]
[Date "2019.08.22"]
[Round "6.16"]
[White "Portela Peleteiro, Alberto"]
[Black "Nayhebaver, Martin"]
[Result "0-1"]
[WhiteElo "2375"]
[BlackElo "2469"]
[Annotator "ChessBase"]
[PlyCount "78"]
[EventDate "2019.08.19"]
[EventType "team-tourn"]
[EventCountry "ESP"]
[SourceTitle "playchess.com"]
[Source "ChessBase"]
[SourceQuality "1"]
[TimeControl "5400+30"]

1. e4 {[%emt 0:01:34]} c5 {[%emt 0:00:00]} 2. Ne2 {[%emt 0:00:52]} Nc6 {[%emt 0:01:59]} 3. Nbc3 {[%emt 0:02:21]} Nf6 {[%emt 0:00:22]} 4. g3 {[%emt 0:00:55]} d5 {[%emt 0:01:15]} 5. exd5 {[%emt 0:00:14]} Nd4 {[%emt 0:00:15]} 6. Bg2 {[%emt 0:13:24]} Bg4 {[%emt 0:00:34]} 7. h3 {[%emt 0:01:18]} Bf3 {[%emt 0:00:45]} 8. Bxf3 {[%emt 0:01:11]} Nxf3+ {[%emt 0:00:07]} 9. Kf1 {[%emt 0:00:03]} Nxd5 {[%emt 0:01:29]} 10. Kg2 {[%emt 0:00:05]} Ne5 {[%emt 0:01:40]} 11. Re1 {[%emt 0:12:46]} e6 {[%emt 0:04:56]} 12. d3 {[%emt 0:05:33]} Be7 {[%emt 0:02:21]} 13. Nf4 {[%emt 0:01:41]} Nxf4+ {[%emt 0:16:02]} 14. Bxf4 {[%emt 0:00:06]} Nc6 {[%emt 0:00:15]} 15. h4 {[%emt 0:09:32]} O-O {[%emt 0:01:13]} 16. h5 {[%emt 0:02:31]} h6 {[%emt 0:01:43]} 17. Qg4 {[%emt 0:10:31]} Kh8 {[%emt 0:02:35]} 18. Rad1 {[%emt 0:04:01]} Qd7 {[%emt 0:03:15]} 19. Be5 {[%emt 0:03:22]} f6 {[%emt 0:03:12]} 20. Bf4 {[%emt 0:01:01]} f5 {[%emt 0:00:27]} 21. Qe2 {[%emt 0:14:32]} Nd4 {[%emt 0:00:37]} 22. Qe3 {[%emt 0:01:07]} Nxc2 {[%emt 0:02:08]} 23. Qxe6 {[%emt 0:00:46]} Nxe1+ {[%emt 0:00:06]} 24. Rxe1 {[%emt 0:00:03]} Qxe6 {[%emt 0:00:20]} 25. Rxe6 {[%emt 0:00:05]} Bf6 {[%emt 0:00:36]} 26. Nd5 {[%emt 0:02:07]} Rae8 {[%emt 0:02:10]} 27. Rxe8 {[%emt 0:02:22]} Rxe8 {[%emt 0:00:05]} 28. Nxf6 {[%emt 0:00:02]} gxf6 {[%emt 0:00:09]} 29. Bxh6 {[%emt 0:00:03]} Re2 {[%emt 0:00:15]} 30. Be3 {[%emt 0:00:08]} Rxb2 {[%emt 0:02:04]} 31. Kf3 {[%emt 0:00:07]} Rxa2 {[%emt 0:06:01]} 32. Kf4 {[%emt 0:01:45]} Ra5 {[%emt 0:01:28]} 33. Kxf5 {[%emt 0:03:18]} c4+ {[%emt 0:01:27]} 34. Kg6 {[%emt 0:00:41]} cxd3 {[%emt 0:00:31]} 35. h6 {[%emt 0:00:24]} Ra2 {[%emt 0:02:18]} 36. Bd4 {[%emt 0:05:13]} Ra6 {[%emt 0:00:05]} 37. Bc3 {[%emt 0:00:13]} Rc6 {[%emt 0:00:20]} 38. Bd2 {[%emt 0:00:12]} f5+ {[%emt 0:00:58]} 39. Kxf5 {[%emt 0:00:08]} Rc2 {[%emt 0:00:06]} 0-1

[Event "ESP-chT 2nd Division 2019"]
[Site "Linares"]
[Date "2019.08.22"]
[Round "6.17"]
[White "Khamrakulov, Ibragim S."]
[Black "Veiga, Jose Francisco R P N"]
[Result "1/2-1/2"]
[WhiteElo "2429"]
[BlackElo "2346"]
[Annotator "NA"]
[PlyCount "107"]
[EventDate "2019.08.19"]
[EventType "team-tourn"]
[EventCountry "ESP"]
[SourceTitle "playchess.com"]
[Source "ChessBase"]
[SourceQuality "1"]
[TimeControl "5400+30"]

1. e4 {[%emt 0:00:00]} e5 {[%emt 0:01:24]} 2. Nf3 {[%emt 0:00:00]} Nc6 {[%emt 0:00:15]} 3. Bc4 {[%emt 0:00:00]} Bc5 {[%emt 0:00:32]} 4. c3 {[%emt 0:00:06]} Nf6 {[%emt 0:00:05]} 5. d3 {[%emt 0:00:14]} O-O {[%emt 0:00:08]} 6. O-O {[%emt 0:00:03]} d5 {[%emt 0:00:40]} 7. exd5 {[%emt 0:00:58]} Nxd5 {[%emt 0:00:09]} 8. Nbd2 {[%emt 0:01:05]} Nb6 {[%emt 0:01:03]} 9. Bb5 {[%emt 0:01:11]} Bd6 {[%emt 0:19:59]} 10. Ne4 {[%emt 0:07:14]} Re8 {[%emt 0:06:41]} 11. d4 {[%emt 0:03:24]} exd4 {[%emt 0:05:33]} 12. Nxd6 {[%emt 0:00:23]} Qxd6 {[%emt 0:00:08]} 13. Nxd4 {[%emt 0:00:13]} Bd7 {[%emt 0:01:03]} 14. Nxc6 {[%emt 0:00:34]} bxc6 {[%emt 0:04:56]} 15. Ba6 {[%emt 0:00:53]} Qxd1 {[%emt 0:05:44]} 16. Rxd1 {[%emt 0:00:11]} Nd5 {[%emt 0:05:13]} 17. Bd2 {[%emt 0:01:05]} Rab8 {[%emt 0:01:54]} 18. b3 {[%emt 0:01:29]} Bg4 {[%emt 0:01:33]} 19. f3 {[%emt 0:01:33]} Be6 {[%emt 0:00:17]} 20. Kf2 {[%emt 0:00:47]} Red8 {[%emt 0:02:39]} 21. Be1 {[%emt 0:10:33]} Kf8 {[%emt 0:00:59]} 22. c4 {[%emt 0:04:19]} Nb6 {[%emt 0:01:53]} 23. Rxd8+ {[%emt 0:01:14]} Rxd8 {[%emt 0:04:00]} 24. Bb7 {[%emt 0:02:55]} c5 {[%emt 0:04:54]} 25. Ke2 {[%emt 0:03:41]} Re8 {[%emt 0:02:22]} 26. Kd2 {[%emt 0:00:30]} Rd8+ {[%emt 0:00:04]} 27. Ke3 {[%emt 0:01:46]} Nc8 {[%emt 0:04:32]} 28. Bxc8 {[%emt 0:09:04]} Rxc8 {[%emt 0:01:15]} 29. Bf2 {[%emt 0:00:18]} Ke7 {[%emt 0:00:16]} 30. Rd1 {[%emt 0:00:07]} Rd8 {[%emt 0:00:52]} 31. Rxd8 {[%emt 0:00:07]} Kxd8 {[%emt 0:00:06]} 32. Ke4 {[%emt 0:00:49]} a6 {[%emt 0:02:01]} 33. Bxc5 {[%emt 0:00:34]} Kd7 {[%emt 0:02:48]} 34. a4 {[%emt 0:01:50]} g6 {[%emt 0:00:18]} 35. Kd4 {[%emt 0:00:48]} Bf5 {[%emt 0:00:15]} 36. Kc3 {[%emt 0:00:57]} Kc6 {[%emt 0:02:04]} 37. Be3 {[%emt 0:00:42]} a5 {[%emt 0:03:25]} 38. g4 {[%emt 0:02:03]} Bb1 {[%emt 0:00:05]} 39. g5 {[%emt 0:03:27]} Bf5 {[%emt 0:04:31]} 40. b4 {[%emt 0:00:45]} axb4+ {[%emt 0:00:15]} 41. Kxb4 {[%emt 0:00:07]} Bh3 {[%emt 0:00:53]} 42. a5 {[%emt 0:02:16]} Bg2 {[%emt 0:00:37]} 43. f4 {[%emt 0:00:34]} Kd6 {[%emt 0:01:23]} 44. Bc5+ {[%emt 0:00:40]} Ke6 {[%emt 0:01:20]} 45. Bd4 {[%emt 0:02:19]} Kd6 {[%emt 0:00:56]} 46. Kb5 {[%emt 0:05:16]} Bc6+ {[%emt 0:00:18]} 47. Ka6 {[%emt 0:00:18]} Kd7 {[%emt 0:00:06]} 48. Be5 {[%emt 0:05:57]} Kc8 {[%emt 0:00:06]} 49. Bd4 {[%emt 0:00:52]} Be8 {[%emt 0:00:04]} 50. Be5 {[%emt 0:00:59]} Bd7 {[%emt 0:00:16]} 51. Bd4 {[%emt 0:00:12]} Be8 {[%emt 0:00:05]} 52. Be5 {[%emt 0:00:15]} Bd7 {[%emt 0:00:05]} 53. Bd4 {[%emt 0:00:07]} Be8 {[%emt 0:00:04]} 54. Be5 {[%emt 0:00:08]} 1/2-1/2

[Event "ESP-chT 2nd Division 2019"]
[Site "Linares"]
[Date "2019.08.22"]
[Round "6.18"]
[White "Garcia Castro, Pablo"]
[Black "Soham Das"]
[Result "1-0"]
[WhiteElo "2327"]
[BlackElo "2339"]
[Annotator "NA"]
[PlyCount "45"]
[EventDate "2019.08.19"]
[EventType "team-tourn"]
[EventCountry "ESP"]
[SourceTitle "playchess.com"]
[Source "ChessBase"]
[SourceQuality "1"]
[TimeControl "5400+30"]

1. e3 {[%emt 0:00:17]} f5 {[%emt 0:01:50]} 2. d4 {[%emt 0:01:11]} Nf6 {[%emt 0:01:56]} 3. b3 {[%emt 0:00:17]} d6 {[%emt 0:03:11]} 4. Bb2 {[%emt 0:00:15]} g6 {[%emt 0:00:05]} 5. Nc3 {[%emt 0:01:51]} Bg7 {[%emt 0:00:42]} 6. h4 {[%emt 0:00:09]} Nc6 {[%emt 0:10:11]} 7. Qd2 {[%emt 0:08:19]} e5 {[%emt 0:11:42]} 8. dxe5 {[%emt 0:13:30]} Nxe5 {[%emt 0:00:56]} 9. O-O-O {[%emt 0:00:45]} Be6 {[%emt 0:02:25]} 10. Nh3 {[%emt 0:00:47]} Qe7 {[%emt 0:10:42]} 11. Bb5+ {[%emt 0:16:35]} Bd7 {[%emt 0:12:30]} 12. Be2 {[%emt 0:07:58]} O-O-O {[%emt 0:03:27]} 13. Nf4 {[%emt 0:01:44]} Bc6 {[%emt 0:01:11]} 14. Kb1 {[%emt 0:08:31]} Kb8 {[%emt 0:04:50]} 15. h5 {[%emt 0:07:56]} gxh5 {[%emt 0:08:15]} 16. Bb5 {[%emt 0:07:32]} Bxb5 {[%emt 0:15:53]} 17. Nxb5 {[%emt 0:00:04]} Ne4 {[%emt 0:00:10]} 18. Qe1 {[%emt 0:01:42]} Qf7 {[%emt 0:08:24]} 19. Nxh5 {[%emt 0:00:47]} Nf6 {[%emt 0:00:22]} 20. Nxg7 {[%emt 0:07:57]} Qxg7 {[%emt 0:00:01]} 21. g3 {[%emt 0:00:07]} Rhe8 {[%emt 0:00:40]} 22. Qa5 {[%emt 0:02:13]} Nc6 {[%emt 0:00:56]} 23. Bxf6 {[%emt 0:00:59]} 1-0

[Event "ESP-chT 2nd Division 2019"]
[Site "Linares"]
[Date "2019.08.22"]
[Round "6.19"]
[White "Lopez Del Alamo, Antonio"]
[Black "Fernandez Lopez, Ruben"]
[Result "1/2-1/2"]
[WhiteElo "2276"]
[BlackElo "2242"]
[Annotator "NA"]
[PlyCount "105"]
[EventDate "2019.08.19"]
[EventType "team-tourn"]
[EventCountry "ESP"]
[SourceTitle "playchess.com"]
[Source "ChessBase"]
[SourceQuality "1"]
[TimeControl "5400+30"]

1. e4 {[%emt 0:00:00]} c5 {[%emt 0:00:20]} 2. Nf3 {[%emt 0:00:00]} d6 {[%emt 0:00:06]} 3. d4 {[%emt 0:01:02]} cxd4 {[%emt 0:00:15]} 4. Nxd4 {[%emt 0:00:03]} Nf6 {[%emt 0:00:08]} 5. Nc3 {[%emt 0:00:44]} a6 {[%emt 0:00:16]} 6. Be2 {[%emt 0:01:42]} e5 {[%emt 0:00:28]} 7. Nf3 {[%emt 0:04:00]} Be6 {[%emt 0:03:20]} 8. O-O {[%emt 0:01:15]} Be7 {[%emt 0:00:27]} 9. Re1 {[%emt 0:09:26]} O-O {[%emt 0:00:47]} 10. h3 {[%emt 0:03:21]} Nbd7 {[%emt 0:01:13]} 11. Ng5 {[%emt 0:05:26]} Rc8 {[%emt 0:03:58]} 12. Nxe6 {[%emt 0:02:47]} fxe6 {[%emt 0:00:01]} 13. Bf3 {[%emt 0:02:53]} b5 {[%emt 0:00:56]} 14. a3 {[%emt 0:00:58]} Nb6 {[%emt 0:02:52]} 15. g3 {[%emt 0:07:23]} Qc7 {[%emt 0:10:26]} 16. Bg2 {[%emt 0:04:04]} Nc4 {[%emt 0:21:34]} 17. Re2 {[%emt 0:06:24]} Qc5 {[%emt 0:06:03]} 18. b3 {[%emt 0:13:13]} Nb6 {[%emt 0:02:59]} 19. Be3 {[%emt 0:07:38]} Qxc3 {[%emt 0:00:33]} 20. Bxb6 {[%emt 0:00:03]} h5 {[%emt 0:10:33]} 21. a4 {[%emt 0:02:56]} h4 {[%emt 0:00:37]} 22. axb5 {[%emt 0:01:50]} axb5 {[%emt 0:00:21]} 23. Ra7 {[%emt 0:05:05]} Rf7 {[%emt 0:06:49]} 24. g4 {[%emt 0:01:58]} Qc6 {[%emt 0:03:20]} 25. Be3 {[%emt 0:01:30]} Rc7 {[%emt 0:01:26]} 26. Rxc7 {[%emt 0:03:11]} Qxc7 {[%emt 0:00:00]} 27. Qd3 {[%emt 0:01:47]} Qc6 {[%emt 0:01:37]} 28. c4 {[%emt 0:00:55]} bxc4 {[%emt 0:00:06]} 29. bxc4 {[%emt 0:01:26]} Nh7 {[%emt 0:00:24]} 30. Rb2 {[%emt 0:03:07]} Bg5 {[%emt 0:04:28]} 31. Rb6 {[%emt 0:03:00]} Qa4 {[%emt 0:01:22]} 32. Rb8+ {[%emt 0:00:44]} Rf8 {[%emt 0:00:10]} 33. Rxf8+ {[%emt 0:00:20]} Kxf8 {[%emt 0:00:01]} 34. Qxd6+ {[%emt 0:00:17]} Kf7 {[%emt 0:00:01]} 35. Bxg5 {[%emt 0:01:43]} Qa1+ {[%emt 0:01:31]} 36. Kh2 {[%emt 0:00:54]} Nxg5 {[%emt 0:00:02]} 37. Qd2 {[%emt 0:02:42]} Kg6 {[%emt 0:01:14]} 38. Qc2 {[%emt 0:01:06]} Qa6 {[%emt 0:01:00]} 39. c5 {[%emt 0:00:16]} Qc6 {[%emt 0:00:02]} 40. f4 {[%emt 0:00:51]} Nf7 {[%emt 0:00:06]} 41. f5+ {[%emt 0:00:22]} Kf6 {[%emt 0:00:10]} 42. Qf2 {[%emt 0:01:15]} g5 {[%emt 0:01:58]} 43. fxe6+ {[%emt 0:00:45]} Kxe6 {[%emt 0:00:01]} 44. Qa2+ {[%emt 0:00:34]} Kf6 {[%emt 0:00:31]} 45. Qd5 {[%emt 0:00:17]} Qc8 {[%emt 0:00:41]} 46. Bf1 {[%emt 0:00:21]} Qb8 {[%emt 0:00:36]} 47. Bc4 {[%emt 0:00:58]} Qb2+ {[%emt 0:00:05]} 48. Kh1 {[%emt 0:00:20]} Qc1+ {[%emt 0:00:22]} 49. Kg2 {[%emt 0:00:13]} Qc2+ {[%emt 0:00:07]} 50. Kg1 {[%emt 0:00:57]} Qc1+ {[%emt 0:00:06]} 51. Kg2 {[%emt 0:00:13]} Qc2+ {[%emt 0:00:04]} 52. Kg1 {[%emt 0:00:18]} Qc1+ {[%emt 0:00:05]} 53. Kg2 {[%emt 0:00:10]} 1/2-1/2

[Event "ESP-chT 2nd Division 2019"]
[Site "Linares"]
[Date "2019.08.22"]
[Round "6.20"]
[White "Lorenzo Serrano, Henar"]
[Black "Calzetta Ruiz, Monica"]
[Result "0-1"]
[WhiteElo "1719"]
[BlackElo "2257"]
[Annotator "NA"]
[PlyCount "72"]
[EventDate "2019.08.19"]
[EventType "team-tourn"]
[EventCountry "ESP"]
[SourceTitle "playchess.com"]
[Source "ChessBase"]
[SourceQuality "1"]
[TimeControl "5400+30"]

1. e4 {[%emt 0:00:00]} c5 {[%emt 0:00:08]} 2. Nc3 {[%emt 0:00:00]} Nc6 {[%emt 0:00:07]} 3. g3 {[%emt 0:00:06]} g6 {[%emt 0:00:08]} 4. d3 {[%emt 0:00:48]} Bg7 {[%emt 0:00:17]} 5. Bg2 {[%emt 0:00:29]} Nf6 {[%emt 0:00:43]} 6. f4 {[%emt 0:01:48]} d6 {[%emt 0:00:10]} 7. Nf3 {[%emt 0:01:09]} O-O {[%emt 0:01:25]} 8. O-O {[%emt 0:01:29]} Bg4 {[%emt 0:01:16]} 9. h3 {[%emt 0:06:50]} Bxf3 {[%emt 0:01:06]} 10. Bxf3 {[%emt 0:01:05]} Rb8 {[%emt 0:00:50]} 11. Be3 {[%emt 0:07:05]} Nd4 {[%emt 0:02:10]} 12. Bg2 {[%emt 0:07:55]} Nd7 {[%emt 0:02:52]} 13. g4 {[%emt 0:08:26]} b5 {[%emt 0:01:23]} 14. Qd2 {[%emt 0:06:41]} b4 {[%emt 0:03:32]} 15. Nd1 {[%emt 0:00:45]} Qa5 {[%emt 0:15:13]} 16. Bxd4 {[%emt 0:12:02]} cxd4 {[%emt 0:04:58]} 17. Nf2 {[%emt 0:02:11]} Rfc8 {[%emt 0:08:14]} 18. a3 {[%emt 0:02:30]} Qc5 {[%emt 0:00:10]} 19. axb4 {[%emt 0:01:46]} Rxb4 {[%emt 0:02:12]} 20. Rxa7 {[%emt 0:01:56]} Qxa7 {[%emt 0:01:29]} 21. Qxb4 {[%emt 0:00:06]} Rxc2 {[%emt 0:00:04]} 22. e5 {[%emt 0:01:49]} Nc5 {[%emt 0:29:06]} 23. Qxd4 {[%emt 0:05:22]} dxe5 {[%emt 0:06:10]} 24. Qd8+ {[%emt 0:08:18]} Bf8 {[%emt 0:00:06]} 25. fxe5 {[%emt 0:02:47]} Ne6 {[%emt 0:03:25]} 26. Qe8 {[%emt 0:05:57]} Rxb2 {[%emt 0:01:00]} 27. Qc6 {[%emt 0:04:49]} Nd4 {[%emt 0:03:21]} 28. Qe4 {[%emt 0:04:15]} Re2 {[%emt 0:00:29]} 29. Qf4 {[%emt 0:01:17]} Bg7 {[%emt 0:02:23]} 30. e6 {[%emt 0:02:04]} Nxe6 {[%emt 0:00:13]} 31. Qf3 {[%emt 0:00:33]} Re3 {[%emt 0:01:25]} 32. Qa8+ {[%emt 0:00:43]} Qxa8 {[%emt 0:00:06]} 33. Bxa8 {[%emt 0:00:06]} Bd4 {[%emt 0:00:32]} 34. Bd5 {[%emt 0:02:50]} Nf4 {[%emt 0:00:44]} 35. Bg2 {[%emt 0:00:50]} Re2 {[%emt 0:03:44]} 36. h4 {[%emt 0:00:26]} Nxd3 {[%emt 0:00:19]} 0-1